ბათუმის შოთა რუსთაველის სახელმწიფო უნივერსიტეტის ბიბლიოთეკა

Bates' guide to physical examination and history-taking. (ბიბ.ჩანაწერი № 57425)

000 -LEADER
fixed length control field 00782cam a2200229 a 4500
001 - CONTROL NUMBER
control field 17398655
005 - DATE AND TIME OF LATEST TRANSACTION
control field 20221107122836.0
008 - FIXED-LENGTH DATA ELEMENTS--GENERAL INFORMATION
fixed length control field 120720s2013 paua b 001 0 eng
020 ## - INTERNATIONAL STANDARD BOOK NUMBER
International Standard Book Number 9781451175646 X
041 ## - LANGUAGE CODE
Language code of text/sound track or separate title eng
080 ## - UNIVERSAL DECIMAL CLASSIFICATION NUMBER
Universal Decimal Classification number 616+612 B-60
100 1# - MAIN ENTRY--PERSONAL NAME
Personal name Bickley, Lynn S.
9 (RLIN) 8550
245 10 - TITLE STATEMENT
Title Bates' guide to physical examination and history-taking.
250 ## - EDITION STATEMENT
Edition statement 11th ed.
264 ## - PRODUCTION, PUBLICATION, DISTRIBUTION, MANUFACTURE, AND COPYRIGHT NOTICE
Place of production, publication, distribution, manufacture Philadelphia :
Name of producer, publisher, distributor, manufacturer Wolters Kluwer Health/Lippincott Williams & Wilkins,
Date of production, publication, distribution, manufacture, or copyright notice 2013.
300 ## - PHYSICAL DESCRIPTION
Extent 994 p. :
Other physical details ill. (chiefly col.) ;
Dimensions 28 cm
653 ## - INDEX TERM--UNCONTROLLED
keyword მედიცინა
653 ## - INDEX TERM--UNCONTROLLED
keyword ფიზიკური გამოკვლევები
700 1# - ADDED ENTRY--PERSONAL NAME
Personal name Szilagyi, Peter G.
Relator term ავტორი
9 (RLIN) 8553
700 1# - ADDED ENTRY--PERSONAL NAME
Personal name Bates, Barbara,
Dates associated with a name 1928-2002.
Title of a work
9 (RLIN) 8554
942 ## - ADDED ENTRY ELEMENTS (KOHA)
Source of classification or shelving scheme
Koha item type წიგნი
ეგზემპლარები
Withdrawn status Lost status Source of classification or shelving scheme Damaged status Not for loan Permanent Location Current Location Shelving location Date acquired Cost, normal purchase price Full call number Barcode Date last seen Copy number Price effective from Koha item type Public note
          ბათუმის შოთა რუსთაველის სახელმწიფო უნივერსიტეტის მთავარი ბიბლიოთეკა ბათუმის შოთა რუსთაველის სახელმწიფო უნივერსიტეტის მთავარი ბიბლიოთეკა წიგნსაცავი 2020-06-18 222.00 616+612 B-60 60622 2020-06-18 60622 2020-06-18 წიგნი 222 ლ.